Harry Potter: la Chambre de Harry - Statistiques

Statistiques générales
  • Ce quiz a été pris 113 fois
  • Le résultat moyen est 8 sur 10
Statistiques - réponses
Information Réponses % Correct
Première apparition Harry Potter et la Chambre des Secrets
93%
Dernière apparition Harry Potter et les Reliques de la Mort
93%
Pays Royaume-Uni
93%
Résident Harry Potter
91%
Adresse (Rue+n°) 4 Privet Drive
89%
Nation Angleterre
89%
Résidente (Animal) Hedwige
88%
Ancien résident Dudley Dursley
84%
Ville Little Whinging
55%
Région Surrey
47%
Aucun quiz correspondant
Distribution des résultats
% des personnes avec chaque résultat
Percentile par nombre de réponses
Votre historique - résultats
Vous n’avez pas pris ce quiz